Geography Quiz

Random Geography or City Quiz

Find the NYC Boroughs Quiz Stats

 Plays Quiz Updated Dec 15, 2016

Support Sporcle.
Go Orange.
Score 0/5 Timer 01:30
15 Plays Today
% Correct
Staten Island
91.1%
Manhattan
89.4%
Bronx
82.7%
Brooklyn
81.5%
Queens
81.5%

From the Vault

20 Famous Country Singers

by a097926023

Music 5m
If you like rhinestones, cowboy hats, and big hair, then this is the quiz for you.
Remove Ads.
Support Sporcle.
Get the best of Sporcle when you Go Orange. This ad-free experience offers more features, more stats, and more fun while also helping to support Sporcle. Thank you for becoming a member.

Show Comments

Extras

Top Quizzes Today


Score Distribution

Your Account Isn't Verified!

In order to create a playlist on Sporcle, you need to verify the email address you used during registration. Go to your Sporcle Settings to finish the process.

Report this User

Report this user for behavior that violates our Community Guidelines.

Details: